[Event "Montreal Mercredi 01"]
[Site "Montreal"]
[Date "2011.01.19"]
[Round "2"]
[White "Gates, Claude Eric"]
[Black "Messier, Samuel"]
[Result "1/2-1/2"]
[WhiteElo "1742"]
[BlackElo "1742"]
[PlyCount "92"]
[EventDate "2011.01.12"]
[EventType "tourn"]
[EventRounds "5"]
[EventCountry "CAN"]
[SourceTitle "EXT 2013"]
[Source "ChessBase"]
[SourceDate "2012.11.22"]
[SourceVersion "1"]
[SourceVersionDate "2012.11.22"]
[SourceQuality "1"]

1. c4 Nf6 2. g3 e6 3. Bg2 d5 4. Nf3 Bd7 5. cxd5 exd5 6. Qb3 Nc6 7. 0-0 Qc8 8. Nc3 Na5 9. Qc2 Be7 10. d3 h6 11. Bf4 0-0 12. Rac1 c5 13. e4 dxe4 14. dxe4 Bh3 15. Rfe1 Bxg2 16. Kxg2 Nc6 17. Nd5 Nxd5 18. exd5 Nb4 19. Qc4 Bf6 20. a3 Na6 21. b3 Re8 22. Rxe8+ Qxe8 23. Rd1 Rd8 24. Be3 Qe7 25. Nd2 Bb2 26. a4 Be5 27. Ne4 Bd6 28. Nc3 Nc7 29. Nb5 Nxb5 30. Qxb5 a6 31. Qc4 Rb8 32. Qg4 Kf8 33. Rc1 b5 34. Kg1 Rd8 35. axb5 axb5 36. Qe2 Rb8 37. Qc2 Rc8 38. Qh7 Qb7 39. Qh8+ Ke7 40. Qxg7 Qxd5 41. Bxh6 Qxb3 42. Qg4 Qe6 43. Qh4+ Kd7 44. Be3 c4 45. Qd4 Qe5 46. Qg4+ Qe6 1/2-1/2

[Event "Montreal Mercredi 12"]
[Site "Montreal"]
[Date "2010.05.26"]
[Round "3"]
[White "Messier, Samuel"]
[Black "Lange, Holger"]
[Result "0-1"]
[WhiteElo "1650"]
[BlackElo "1778"]
[PlyCount "60"]
[EventDate "2010.05.12"]
[EventType "tourn"]
[EventRounds "5"]
[EventCountry "CAN"]
[SourceTitle "EXT 2013"]
[Source "ChessBase"]
[SourceDate "2012.11.22"]
[SourceVersion "1"]
[SourceVersionDate "2012.11.22"]
[SourceQuality "1"]

1. e4 Nf6 2. e5 Nd5 3. d4 d6 4. c4 Nb6 5. f4 dxe5 6. fxe5 Bf5 7. Be3 e6 8. Nf3 Bg4 9. Be2 Nc6 10. 0-0 Be7 11. Nc3 0-0 12. Qd2 f6 13. exf6 Bxf6 14. Rad1 Qe7 15. Ne4 Rad8 16. Nxf6+ gxf6 17. Bh6 Rf7 18. Qf4 Bh5 19. Rfe1 Kh8 20. Kh1 Rg8 21. Qh4 Bg6 22. d5 Nd8 23. Nd4 e5 24. Bd3 Bxd3 25. Rxd3 Qb4 26. Rf3 Rg4 27. Qf2 Rxd4 28. Rxf6 Nd7 29. Qg3 Nxf6 30. Qxe5 Qe7 0-1

[Event "Montreal Mercredi 12"]
[Site "Montreal"]
[Date "2010.05.19"]
[Round "2"]
[White "Khudaverdian, Berj"]
[Black "Messier, Samuel"]
[Result "1-0"]
[WhiteElo "1739"]
[BlackElo "1650"]
[PlyCount "119"]
[EventDate "2010.05.12"]
[EventType "tourn"]
[EventRounds "5"]
[EventCountry "CAN"]
[SourceTitle "EXT 2013"]
[Source "ChessBase"]
[SourceDate "2012.11.22"]
[SourceVersion "1"]
[SourceVersionDate "2012.11.22"]
[SourceQuality "1"]

1. e4 c6 2. d4 d5 3. e5 Bf5 4. Nc3 e6 5. Bd3 Bxd3 6. Qxd3 Nd7 7. Nf3 Ne7 8. Bg5 Qb6 9. 0-0 c5 10. Na4 Qb4 11. Nxc5 Nxc5 12. dxc5 Qxc5 13. Be3 Qc7 14. Qb5+ Nc6 15. c4 a6 16. Qa4 Rd8 17. Rad1 dxc4 18. Rxd8+ Qxd8 19. Qxc4 Be7 20. Qb3 Na5 21. Qc2 0-0 22. Rd1 Qb8 23. Qa4 Nc6 24. Bf4 Rd8 25. Rxd8+ Qxd8 26. h3 Bc5 27. Qc2 Qb6 28. Ng5 g6 29. Ne4 Bd4 30. Nf6+ Kh8 31. b3 Qa5 32. Ng4 h5 33. Bd2 Qd5 34. Ne3 Qxe5 35. Qd3 Qf6 36. Nd1 Kg7 37. Qe4 Qf5 38. Qe2 Ne7 39. Kh2 Qe5+ 40. Qxe5+ Bxe5+ 41. f4 Bd4 42. g3 Nd5 43. Kg2 b5 44. Kf3 f5 45. Ke2 Kf6 46. a4 b4 47. Kd3 e5 48. fxe5+ Bxe5 49. Kc4 Ke6 50. Bxb4 Nxb4 51. Kxb4 Bxg3 52. Ka5 f4 53. Kxa6 f3 54. Ne3 f2 55. Nf1 Kd5 56. Nxg3 Kd4 57. b4 h4 58. Nf1 Kd3 59. Kb5 Ke2 60. Nh2 1-0

[Event "Montreal Mercredi 03"]
[Site "Montreal"]
[Date "2010.03.31"]
[Round "1"]
[White "Khudaverdian, Berj"]
[Black "Messier, Samuel"]
[Result "1-0"]
[WhiteElo "1713"]
[BlackElo "1650"]
[PlyCount "51"]
[EventDate "2010.03.31"]
[EventType "tourn"]
[EventRounds "5"]
[EventCountry "CAN"]
[SourceTitle "EXT 2013"]
[Source "ChessBase"]
[SourceDate "2012.11.22"]
[SourceVersion "1"]
[SourceVersionDate "2012.11.22"]
[SourceQuality "1"]

1. Nf3 Nf6 2. g3 c6 3. Bg2 d5 4. d4 Bf5 5. 0-0 h6 6. Nbd2 e6 7. b3 Bd6 8. Bb2 Nbd7 9. Re1 0-0 10. Nh4 Bh7 11. e4 dxe4 12. Nxe4 Nxe4 13. Bxe4 Bxe4 14. Rxe4 Nf6 15. Re1 Qa5 16. c4 Bb4 17. Re5 Qc7 18. Qf3 Nd7 19. Re2 g5 20. Ng2 Rad8 21. h4 Be7 22. hxg5 hxg5 23. Ne3 Bf6 24. Kg2 Qd6 25. c5 Qe7 26. Nf5 1-0

[Event "Montreal Saturday op 01"]
[Site "Montreal"]
[Date "2010.01.06"]
[Round "1"]
[White "Messier, Samuel"]
[Black "Maharisoa, Tantely"]
[Result "1-0"]
[WhiteElo "1603"]
[BlackElo "1593"]
[PlyCount "31"]
[EventDate "2010.01.06"]
[EventType "tourn"]
[EventRounds "5"]
[EventCountry "CAN"]
[SourceTitle "EXT 2011"]
[Source "ChessBase"]
[SourceDate "2010.11.26"]
[SourceVersion "1"]
[SourceVersionDate "2010.11.26"]
[SourceQuality "1"]

1. e4 c6 2. d4 d5 3. Nd2 dxe4 4. Nxe4 Nd7 5. Bd3 Ngf6 6. Ng5 e5 7. Bc4 Nd5 8. Qf3 N7f6 9. Bxd5 cxd5 10. dxe5 Qe7 11. Qf4 h6 12. N5f3 Ng4 13. h3 g5 14. Qd4 Nf6 15. Ne2 Qb4+ 16. Qxb4 1-0

[Event "Montreal Mercredi 05"]
[Site "Montreal"]
[Date "2009.06.03"]
[Round "4"]
[White "Messier, Samuel"]
[Black "Neumark Gaudet, Zev"]
[Result "1-0"]
[WhiteElo "1549"]
[BlackElo "1557"]
[PlyCount "65"]
[EventDate "2009.05.13"]
[EventType "tourn"]
[EventRounds "5"]
[EventCountry "CAN"]
[SourceTitle "EXT 2011"]
[Source "ChessBase"]
[SourceDate "2010.11.26"]
[SourceVersion "1"]
[SourceVersionDate "2010.11.26"]
[SourceQuality "1"]

1. e4 d5 2. exd5 Qxd5 3. Nc3 Qa5 4. d4 c6 5. Nf3 Nf6 6. Bc4 Bf5 7. Bd2 Qc7 8. Qe2 e6 9. 0-0-0 b5 10. Bb3 a5 11. a4 b4 12. Na2 Be7 13. Ne5 0-0 14. g4 Be4 15. g5 Bxh1 16. gxf6 Bxf6 17. Rxh1 Rd8 18. Nxf7 Re8 19. Ne5 Bxe5 20. Qxe5 Qxe5 21. dxe5 Nd7 22. f4 Nc5 23. Bc4 Nxa4 24. Be3 c5 25. f5 g6 26. Bxe6+ Kg7 27. Bg5 h5 28. Bf6+ Kh7 29. fxg6+ Kh6 30. Bf5 Nb6 31. g7 Nd5 32. Rg1 Nxf6 33. exf6 1-0

[Event "Montreal Mercredi 05"]
[Site "Montreal"]
[Date "2009.05.20"]
[Round "2"]
[White "Messier, Samuel"]
[Black "Wang, Kelly"]
[Result "1-0"]
[WhiteElo "1549"]
[BlackElo "1564"]
[PlyCount "53"]
[EventDate "2009.05.13"]
[EventType "tourn"]
[EventRounds "5"]
[EventCountry "CAN"]
[SourceTitle "EXT 2011"]
[Source "ChessBase"]
[SourceDate "2010.11.26"]
[SourceVersion "1"]
[SourceVersionDate "2010.11.26"]
[SourceQuality "1"]

1. e4 c5 2. Nf3 d6 3. d4 cxd4 4. Nxd4 Nf6 5. Nc3 g6 6. Be3 Bg7 7. f3 Nc6 8. Qd2 0-0 9. 0-0-0 Bd7 10. g4 Re8 11. Bc4 Rc8 12. Bb3 a6 13. h4 b5 14. h5 b4 15. Nd5 a5 16. hxg6 hxg6 17. Nxf6+ Bxf6 18. Qh2 e6 19. Nxc6 Bxc6 20. Bd4 Bxd4 21. Rxd4 Qf6 22. Rxd6 a4 23. Rxc6 Rxc6 24. Bxa4 Rec8 25. Bxc6 Rxc6 26. Qb8+ Kg7 27. Qh8# 1-0

[Event "Montreal Mercredi 09"]
[Site "Montreal"]
[Date "2008.09.17"]
[Round "3"]
[White "Germain, Max"]
[Black "Messier, Samuel"]
[Result "1-0"]
[WhiteElo "1582"]
[BlackElo "1608"]
[PlyCount "79"]
[EventDate "2008.09.03"]
[EventType "tourn"]
[EventRounds "5"]
[EventCountry "CAN"]
[SourceTitle "EXT 2011"]
[Source "ChessBase"]
[SourceDate "2010.11.26"]
[SourceVersion "1"]
[SourceVersionDate "2010.11.26"]
[SourceQuality "1"]

1. Nf3 Nf6 2. d4 d5 3. Bg5 Bf5 4. c3 Nbd7 5. Nbd2 e6 6. Nh4 Bg6 7. Nxg6 hxg6 8. e4 dxe4 9. Nxe4 c6 10. Qf3 Qb6 11. b3 Nxe4 12. Qxe4 Bd6 13. Bc4 0-0 14. 0-0 Qc7 15. f4 Nb6 16. Rf3 c5 17. Bd3 cxd4 18. cxd4 Rac8 19. Raf1 Nd5 20. h4 Nb4 21. Bc4 Nc6 22. Rh3 Nxd4 23. h5 Qc5 24. Kh1 b5 25. Bd3 f5 26. Qe1 Kf7 27. hxg6+ Kxg6 28. Qg3 Kf7 29. Rh7 Rh8 30. Qh4 Rxh7 31. Qxh7 Be7 32. Qh5+ Kg8 33. Qg6 Bxg5 34. fxg5 Qe7 35. Qh5 Rc3 36. g6 Qf6 37. Rd1 Kf8 38. Bxb5 Nxb5 39. Qh8+ Ke7 40. Qd8# 1-0

[Event "Montreal Mercredi 09"]
[Site "Montreal"]
[Date "2008.09.10"]
[Round "2"]
[White "Messier, Samuel"]
[Black "Rainton, Jean Pierre"]
[Result "0-1"]
[WhiteElo "1608"]
[BlackElo "1702"]
[PlyCount "56"]
[EventDate "2008.09.03"]
[EventType "tourn"]
[EventRounds "5"]
[EventCountry "CAN"]
[SourceTitle "EXT 2011"]
[Source "ChessBase"]
[SourceDate "2010.11.26"]
[SourceVersion "1"]
[SourceVersionDate "2010.11.26"]
[SourceQuality "1"]

1. e4 c5 2. Nf3 g6 3. d4 cxd4 4. Nxd4 Bg7 5. Nc3 Nc6 6. Be3 a6 7. Qd2 e5 8. Nb3 Nf6 9. a4 0-0 10. Be2 b6 11. 0-0 Bb7 12. Rfd1 Qc7 13. g4 Ne7 14. f3 d5 15. exd5 Nfxd5 16. Nxd5 Nxd5 17. Bf2 Rfd8 18. Bf1 Nf4 19. Qe3 Qc6 20. c3 Bh6 21. Qe4 Qc7 22. Rxd8+ Rxd8 23. Qb4 Qc6 24. Qxb6 Qxf3 25. Qxd8+ Kg7 26. Bd4 Qh1+ 27. Kf2 Qf3+ 28. Kg1 Ne2+ 0-1

[Event "Montreal Mercredi 09"]
[Site "Montreal"]
[Date "2008.09.03"]
[Round "1"]
[White "Gauthier, Luc"]
[Black "Messier, Samuel"]
[Result "1-0"]
[WhiteElo "1684"]
[BlackElo "1608"]
[PlyCount "57"]
[EventDate "2008.09.03"]
[EventType "tourn"]
[EventRounds "5"]
[EventCountry "CAN"]
[SourceTitle "EXT 2011"]
[Source "ChessBase"]
[SourceDate "2010.11.26"]
[SourceVersion "1"]
[SourceVersionDate "2010.11.26"]
[SourceQuality "1"]

1. e4 c5 2. Nc3 Nc6 3. f4 d6 4. Nf3 e6 5. Bb5 a6 6. Bxc6+ bxc6 7. d3 Nf6 8. 0-0 Be7 9. h3 d5 10. e5 Nd7 11. Qe2 f6 12. exf6 Nxf6 13. Ng5 d4 14. Nce4 0-0 15. Bd2 Rb8 16. b3 Qd5 17. a4 Rb7 18. Rae1 h6 19. Nxf6+ Bxf6 20. Ne4 Re7 21. Bc1 e5 22. Ba3 Bh4 23. Bxc5 Bxe1 24. Qxe1 Rfe8 25. Bxe7 Rxe7 26. Qg3 Kh8 27. fxe5 Re8 28. Nd6 Rxe5 29. Qxe5 1-0

[Event "Montreal Mercredi 09"]
[Site "Montreal"]
[Date "2007.10.04"]
[Round "5"]
[White "Millette, Sylvain"]
[Black "Messier, Samuel"]
[Result "1-0"]
[WhiteElo "1699"]
[BlackElo "1616"]
[PlyCount "91"]
[EventDate "2007.09.05"]
[EventType "swiss"]
[EventRounds "5"]
[EventCountry "CAN"]
[SourceTitle "EXT 2022"]
[Source "ChessBase"]
[SourceDate "2021.10.06"]
[SourceVersion "1"]
[SourceVersionDate "2021.10.06"]
[SourceQuality "1"]

1. Nf3 Nf6 2. g3 d5 3. Bg2 g6 4. d4 Bg7 5. 0-0 0-0 6. Nbd2 Nc6 7. c3 Re8 8. Qc2 Bf5 9. Qb3 Rb8 10. Re1 Qd7 11. Ne5 Nxe5 12. dxe5 Ne4 13. Nxe4 Bxe4 14. Bxe4 dxe4 15. Rd1 Qg4 16. f3 exf3 17. exf3 Qf5 18. f4 h5 19. Be3 b6 20. h4 Qg4 21. Kf2 Rbd8 22. Qc2 Qc8 23. Rxd8 Rxd8 24. Rd1 e6 25. Rxd8+ Qxd8 26. Qa4 a5 27. Qc6 Bf8 28. Bd4 Be7 29. Ke2 Kg7 30. Kd3 Qd5 31. Qxd5 exd5 32. e6+ Kf8 33. exf7 Kxf7 34. Be5 c6 35. Bc7 Bc5 36. b4 axb4 37. cxb4 Bxb4 38. Bxb6 Be1 39. a4 Ke6 40. a5 Kd7 41. a6 Kc8 42. g4 hxg4 43. f5 gxf5 44. h5 Bh4 45. h6 Bf6 46. Bd4 1-0

[Event "Montreal Mercredi 09"]
[Site "Montreal"]
[Date "2007.09.26"]
[Round "4"]
[White "Messier, Samuel"]
[Black "Landry, Martin"]
[Result "1/2-1/2"]
[WhiteElo "1616"]
[BlackElo "1636"]
[PlyCount "86"]
[EventDate "2007.09.05"]
[EventType "swiss"]
[EventRounds "5"]
[EventCountry "CAN"]
[SourceTitle "EXT 2022"]
[Source "ChessBase"]
[SourceDate "2021.10.06"]
[SourceVersion "1"]
[SourceVersionDate "2021.10.06"]
[SourceQuality "1"]

1. d4 Nf6 2. c4 e6 3. Nf3 d5 4. Nc3 Nbd7 5. e3 dxc4 6. Bxc4 Nb6 7. Bd3 c5 8. 0-0 cxd4 9. exd4 Be7 10. Re1 0-0 11. Bf4 Nbd5 12. Bg3 a6 13. Rc1 b5 14. Nxd5 Nxd5 15. a3 Bb7 16. Qc2 h6 17. h3 Rc8 18. Qd2 Qb6 19. Ne5 Rxc1 20. Rxc1 Rc8 21. Rxc8+ Bxc8 22. Nf3 Bd7 23. Ne5 Bc8 24. Nf3 Bb7 25. Be4 b4 26. axb4 Bxb4 27. Qc2 Qc6 28. Qxc6 Bxc6 29. Ne5 Bb5 30. Bd3 Bxd3 31. Nxd3 Bd2 32. Bd6 a5 33. Kf1 Bg5 34. Ke2 Bd8 35. Bc5 f6 36. g3 Kf7 37. Nc1 Be7 38. Bxe7 Kxe7 39. Nb3 a4 40. Nc5 Nb6 41. Kd3 Kd6 42. Ne4+ Kd5 43. Nc3+ Kd6 1/2-1/2

[Event "Montreal Fete du travail"]
[Site "Montreal"]
[Date "2007.09.02"]
[Round "3"]
[White "Messier, Samuel"]
[Black "Bouchard, Jean Marc"]
[Result "0-1"]
[WhiteElo "1643"]
[BlackElo "1752"]
[PlyCount "58"]
[EventDate "2007.09.01"]
[EventType "swiss"]
[EventRounds "5"]
[EventCountry "CAN"]
[SourceTitle "EXT 2022"]
[Source "ChessBase"]
[SourceDate "2021.10.06"]
[SourceVersion "1"]
[SourceVersionDate "2021.10.06"]
[SourceQuality "1"]

1. e4 e6 2. d4 d5 3. Nd2 Nf6 4. exd5 exd5 5. Ngf3 Be7 6. Bd3 Bg4 7. 0-0 Nbd7 8. c3 0-0 9. Re1 c6 10. Nf1 Bd6 11. Bg5 Qc7 12. h3 Bh5 13. Ne3 Ne4 14. Bh4 f5 15. Nxf5 Rxf5 16. g4 Rxf3 17. Qxf3 Rf8 18. Qg2 Bg6 19. c4 Nd2 20. Be2 Be4 21. f3 Bxf3 22. Bxf3 Nxf3+ 23. Kh1 Nxe1 24. Rxe1 dxc4 25. Qe4 Nf6 26. Bxf6 Rxf6 27. d5 Qf7 28. Kg2 Rf2+ 29. Kg1 Bc5 0-1

[Event "Montreal Mercredi 04"]
[Site "Montreal"]
[Date "2007.05.02"]
[Round "5"]
[White "Sonn, Eric"]
[Black "Messier, Samuel"]
[Result "0-1"]
[WhiteElo "1551"]
[BlackElo "1658"]
[PlyCount "102"]
[EventDate "2007.04.04"]
[EventType "swiss"]
[EventRounds "5"]
[EventCountry "CAN"]
[SourceTitle "EXT 2022"]
[Source "ChessBase"]
[SourceDate "2021.10.06"]
[SourceVersion "1"]
[SourceVersionDate "2021.10.06"]
[SourceQuality "1"]

1. e4 c6 2. d4 d5 3. e5 Bf5 4. g4 Bd7 5. Bd3 c5 6. c3 cxd4 7. cxd4 Nc6 8. Ne2 Bxg4 9. Be3 e6 10. Nd2 Nge7 11. Qa4 a6 12. Rc1 Rc8 13. b4 Bf5 14. Nf4 Bxd3 15. Nxd3 Nf5 16. b5 axb5 17. Qxb5 Qd7 18. 0-0 Be7 19. Nb3 Rc7 20. Nbc5 Bxc5 21. Nxc5 Qe7 22. Nxb7 Rxb7 23. Qxc6+ Rd7 24. Qc8+ Qd8 25. Rc5 0-0 26. Rfc1 h6 27. a4 Nxe3 28. Qxd8 Rdxd8 29. fxe3 Ra8 30. a5 Rfb8 31. R1c2 Rb1+ 32. Kg2 Ra1 33. Rc8+ Rxc8 34. Rxc8+ Kh7 35. Ra8 g5 36. a6 Kg6 37. a7 Kf5 38. Rh8 Rxa7 39. Rxh6 Ke4 40. Rh3 g4 41. Rg3 Ra2+ 42. Kg1 Re2 43. Rxg4+ Kxe3 44. h4 Kf3 45. Rg7 Re4 46. Rxf7+ Kg3 47. Rg7+ Kxh4 48. Kf2 Rxd4 49. Rg8 Rf4+ 50. Kg2 Rg4+ 51. Rxg4+ Kxg4 0-1

[Event "Montreal Mercredi 02"]
[Site "Montreal"]
[Date "2007.03.21"]
[Round "5"]
[White "Messier, Samuel"]
[Black "Lalonde, Paul"]
[Result "1/2-1/2"]
[WhiteElo "1649"]
[BlackElo "1836"]
[PlyCount "123"]
[EventDate "2007.02.21"]
[EventType "swiss"]
[EventRounds "5"]
[EventCountry "CAN"]
[SourceTitle "EXT 2022"]
[Source "ChessBase"]
[SourceDate "2021.10.06"]
[SourceVersion "1"]
[SourceVersionDate "2021.10.06"]
[SourceQuality "1"]

1. e4 c5 2. Nf3 e6 3. d4 cxd4 4. Nxd4 a6 5. Be2 b5 6. Be3 Nf6 7. f3 Qc7 8. 0-0 Bc5 9. Qd2 0-0 10. Rd1 d5 11. exd5 Nxd5 12. Bf2 Bb7 13. Nc3 Nxc3 14. Qxc3 e5 15. Nxb5 Bxf2+ 16. Kxf2 Qb6+ 17. Qe3 Qxe3+ 18. Kxe3 axb5 19. Bxb5 Na6 20. c4 Nb4 21. Rd2 Nxa2 22. Rd7 Nb4 23. Rxa8 Bxa8 24. Ba4 Bc6 25. Bxc6 Nxc6 26. Ke4 f6 27. Kd5 Nd4 28. b4 Rb8 29. b5 h6 30. Kc5 Rc8+ 31. Kd5 Rb8 32. Kc5 Ne6+ 33. Kc6 Rc8+ 34. Kd6 Nd4 35. Rc7 Rb8 36. Kc5 Kf8 37. b6 Nb3+ 38. Kb5 Nd4+ 39. Ka6 Ra8+ 40. Kb7 Ra5 41. Kb8 Ne6 42. b7 Nd8 43. Kc8 Nxb7 44. Kxb7 Ra2 45. c5 Rxg2 46. c6 Rxh2 47. Rd7 h5 48. c7 Rc2 49. c8Q+ Rxc8 50. Kxc8 Kg8 51. Kc7 Kh7 52. Kd6 Kg6 53. Ke6 h4 54. Rd1 Kg5 55. Rg1+ Kf4 56. Rg4+ Kxf3 57. Rxh4 e4 58. Kf5 e3 59. Rf4+ Kg2 60. Rg4+ Kf1 61. Rxg7 e2 62. Re7 1/2-1/2

[Event "Montreal Mercredi 02"]
[Site "Montreal"]
[Date "2007.03.07"]
[Round "3"]
[White "Katch, Gary"]
[Black "Messier, Samuel"]
[Result "1/2-1/2"]
[WhiteElo "1738"]
[BlackElo "1649"]
[PlyCount "70"]
[EventDate "2007.02.21"]
[EventType "swiss"]
[EventRounds "5"]
[EventCountry "CAN"]
[SourceTitle "EXT 2022"]
[Source "ChessBase"]
[SourceDate "2021.10.06"]
[SourceVersion "1"]
[SourceVersionDate "2021.10.06"]
[SourceQuality "1"]

1. e4 c6 2. d4 d5 3. exd5 cxd5 4. Bd3 Nc6 5. c3 Nf6 6. Bf4 Bg4 7. Qb3 Qd7 8. Nd2 e6 9. Ngf3 b6 10. 0-0 Na5 11. Qc2 a6 12. Ne5 Qc7 13. Ng6 Bd6 14. Bxd6 Qxd6 15. Nxh8 Qf8 16. Nxf7 Qxf7 17. Rae1 Kd7 18. f3 Bh5 19. Re3 b5 20. Nb3 Nxb3 21. Qxb3 Bg6 22. Rfe1 Bxd3 23. Rxd3 Nh5 24. Qc2 Qg6 25. Rd2 Qf6 26. Qxh7 Nf4 27. g3 Qg5 28. Kh1 Nh5 29. Rde2 Re8 30. Re5 Nxg3+ 31. hxg3 Qxg3 32. Qh5 Rh8 33. Qxh8 Qxf3+ 34. Kh2 Qf2+ 35. Kh3 Qf3+ 1/2-1/2

[Event "Montreal Mercredi 02"]
[Site "Montreal"]
[Date "2007.02.28"]
[Round "2"]
[White "Messier, Samuel"]
[Black "Pregent, Daniel"]
[Result "0-1"]
[WhiteElo "1649"]
[BlackElo "1788"]
[PlyCount "116"]
[EventDate "2007.02.21"]
[EventType "swiss"]
[EventRounds "5"]
[EventCountry "CAN"]
[SourceTitle "EXT 2022"]
[Source "ChessBase"]
[SourceDate "2021.10.06"]
[SourceVersion "1"]
[SourceVersionDate "2021.10.06"]
[SourceQuality "1"]

1. e4 c6 2. d4 d5 3. Nc3 dxe4 4. Nxe4 Bf5 5. Ng3 Bg6 6. h4 h6 7. Nf3 Nd7 8. h5 Bh7 9. Bd3 Bxd3 10. Qxd3 Qc7 11. Bd2 e6 12. 0-0-0 Ngf6 13. Ne4 0-0-0 14. c4 c5 15. g3 Nxe4 16. Qxe4 Nf6 17. Qd3 cxd4 18. Rh4 e5 19. Qf5+ Nd7 20. Kb1 f6 21. Re4 Kb8 22. Rc1 Nc5 23. Ree1 e4 24. Rxe4 Nxe4 25. Qxe4 Qc6 26. Qxc6 bxc6 27. Kc2 c5 28. Kd3 Bd6 29. Nh4 Rhe8 30. Nf5 Bf8 31. Rd1 Kb7 32. Re1 Kc6 33. Rb1 Rd7 34. Rf1 Rb7 35. Bc1 a5 36. Rg1 a4 37. Rh1 Reb8 38. Bf4 Re8 39. Bc1 Rb4 40. Rg1 Reb8 41. Re1 Kd7 42. Rf1 Rxb2 43. Bxb2 Rxb2 44. f4 Rxa2 45. Rb1 Ra3+ 46. Kc2 Rc3+ 47. Kd2 Rb3 48. Ra1 a3 49. Ra2 Kc6 50. Kc2 Rc3+ 51. Kd2 Kb6 52. Nh4 Rxg3 53. Ke2 Rb3 54. Nf3 Bd6 55. Nd2 Re3+ 56. Kf2 Bxf4 57. Nb1 Rh3 58. Kg1 Bc1 0-1

[Event "Montreal Mercredi 01"]
[Site "Montreal"]
[Date "2007.01.24"]
[Round "3"]
[White "Millette, Sylvain"]
[Black "Messier, Samuel"]
[Result "1/2-1/2"]
[WhiteElo "1586"]
[BlackElo "1636"]
[PlyCount "69"]
[EventDate "2007.01.10"]
[EventType "swiss"]
[EventRounds "5"]
[EventCountry "CAN"]
[SourceTitle "EXT 2022"]
[Source "ChessBase"]
[SourceDate "2021.10.06"]
[SourceVersion "1"]
[SourceVersionDate "2021.10.06"]
[SourceQuality "1"]

1. Nf3 Nf6 2. g3 d5 3. Bg2 c6 4. 0-0 Bg4 5. d4 e6 6. Bg5 h6 7. Bxf6 Qxf6 8. Nbd2 Nd7 9. e4 Bxf3 10. Nxf3 dxe4 11. Nd2 Qxd4 12. c3 Qb6 13. Nxe4 Qc7 14. Qd4 Qe5 15. Rad1 Qxd4 16. Rxd4 Be7 17. Rfd1 Nb6 18. Nd6+ Bxd6 19. Rxd6 0-0 20. b3 Nd5 21. c4 Nc3 22. R1d2 Rfe8 23. R6d3 Nb1 24. Rd1 Na3 25. Rd7 Rab8 26. Rc7 Rec8 27. Rxc8+ Rxc8 28. Rd7 Rb8 29. Be4 a5 30. Bd3 Kf8 31. Kf1 b5 32. cxb5 Nxb5 33. Bxb5 Rxb5 34. Rc7 Rc5 35. a3 1/2-1/2

[Event "Montreal Mercredi 01"]
[Site "Montreal"]
[Date "2007.01.10"]
[Round "1"]
[White "Messier, Samuel"]
[Black "Leitch, Darcy"]
[Result "0-1"]
[WhiteElo "1636"]
[BlackElo "1620"]
[PlyCount "78"]
[EventDate "2007.01.10"]
[EventType "swiss"]
[EventRounds "5"]
[EventCountry "CAN"]
[SourceTitle "EXT 2022"]
[Source "ChessBase"]
[SourceDate "2021.10.06"]
[SourceVersion "1"]
[SourceVersionDate "2021.10.06"]
[SourceQuality "1"]

1. e4 c5 2. Nf3 d6 3. d4 cxd4 4. Nxd4 Nf6 5. Nc3 a6 6. Bc4 e6 7. f3 Qc7 8. Bb3 b5 9. a3 Bb7 10. Be3 Nbd7 11. 0-0 Nc5 12. Ba2 Rc8 13. Rc1 h6 14. Re1 Rg8 15. b4 Ncd7 16. Nce2 Ne5 17. Nxe6 fxe6 18. Bxe6 Nc4 19. Bd4 Rh8 20. Bxc8 Bxc8 21. a4 Be7 22. c3 Bd7 23. a5 g5 24. Ng3 Kd8 25. Rc2 Kc8 26. Rce2 Rh7 27. Qd3 Rf7 28. Nf5 Bf8 29. e5 dxe5 30. Bxe5 Nxe5 31. Rxe5 Kb8 32. Nd4 Bd6 33. Ne6 Qa7+ 34. Kh1 Bxe5 35. Rxe5 Bxe6 36. Rxe6 Rd7 37. Qe2 Nd5 38. Qe5+ Qc7 39. Re8+ Kb7 0-1